| 000 | 00872nam a2200265 i 4500 | ||
|---|---|---|---|
| 003 | DO-SdBNP | ||
| 005 | 20250410104524.0 | ||
| 007 | ta | ||
| 008 | 250410b2025 dr ac||| |||| 00| 0 spa d | ||
| 020 | _a9789945224023 | ||
| 040 |
_aDO-SdBNP _bspa _cBNPHU _erda |
||
| 041 | _aspa | ||
| 082 | 4 |
_a0 _bG216c _222 |
|
| 100 | 1 |
_aGarcía Rosa, Francisco, _d1962- _eautor _4aut. _986376 |
|
| 245 | 1 | 0 |
_aConferencia magistral y epístola viral / _cFrancisco García Rosa. |
| 264 |
_aSanto Domingo, República Dominicana : _bEditora Búho, _c2025. |
||
| 300 |
_a184 páginas : _bilustraciones, retratos ; _c22 cm. |
||
| 336 |
_atexto _btxt _2rdacontent |
||
| 337 |
_asin mediación _bn _2rdamedia |
||
| 338 |
_avolumen _bnc _2rdacarrier |
||
| 500 | _aIncluye datos biográficos del autor en las solapas | ||
| 590 | _aInventariado, 2025 / LP | ||
| 910 | _aLP | ||
| 942 |
_2ddc _cLBS1 |
||
| 999 |
_c58349 _d58349 |
||